Sports Quiz

Random Sports or Nation Quiz

WTA Top 10 Players 1975-2018 Quiz Stats

Quiz not verified by Sporcle

Also try: Sports Logos II
Challenge
Share
Tweet
Embed
Score 0/126 Timer 12:00
0 Plays Today
Highest Ranking Player % Correct
1Venus Williams
98.9%
1Serena Williams
98.9%
2Li Na
98.9%
1Justine Henin
97.8%
1Steffi Graf
97.6%
1Martina Hingis
97.4%
1Monica Seles
96.9%
1Kim Clijsters
96.9%
1Martina Navratilova
96.7%
1Maria Sharapova
95.8%
1Caroline Wozniacki
95.6%
1Arantxa Sanchez Vicario
95.6%
1Amelie Mauresmo
94.3%
1Ana Ivanovic
94.3%
1Victoria Azarenka
94.3%
1Lindsay Davenport
93.9%
1Jelena Jankovic
93.9%
1Jennifer Capriati
93.2%
1Chris Evert
92.8%
1Dinara Safina
90.8%
1Simona Halep
90.5%
2Agnieszka Radwanska
88.4%
4Samantha Stosur
87.5%
3Elina Svitolina
87.5%
4Johanna Konta
87.4%
2Conchita Martinez
86.4%
1Evonne Goolagong
86.2%
2Svetlana Kuznetsova
86%
2Petra Kvitova
84.9%
1Garbine Muguruza
84.6%
7Roberta Vinci
84.5%
4Dominika Cibulkova
84.1%
3Mary Pierce
84%
5Eugenie Bouchard
83.5%
3Gabriela Sabatini
83.1%
3Elena Dementieva
83.1%
1Angelique Kerber
82.9%
5Daniela Hantuchova
81.8%
6Carla Suarez Navarro
81.2%
2Anastasia Myskina
81.1%
4Francesca Schiavone
81.1%
1Karolina Pliskova
80.8%
Highest Ranking Player % Correct
4Kimiko Date-Krumm
80.7%
5Sara Errani
80.7%
7Belinda Bencic
80.4%
5Lucie Safarova
80%
7Madison Keys
79.5%
1Tracy Austin
79.2%
2Billie Jean King
79.2%
6Flavia Pennetta
78.1%
2Vera Zvonareva
77.4%
9Timea Bacsinszky
76.7%
2Jana Novotna
76.1%
3Nadia Petrova
75.9%
7Marion Bartoli
75.9%
4Jelena Dokic
75.7%
5Jelena Ostapenko
75%
9Sloane Stephens
75%
7Patty Schnyder
74.1%
3Manuela Maleeva-Fragniere
73.7%
4Magdalena Maleeva
73.7%
6Katerina Maleeva
73.7%
3Amanda Coetzer
73.5%
5Margaret Smith Court
72.4%
2Virginia Wade
72.1%
4Anke Huber
70.6%
9Andrea Petkovic
70.4%
8Ai Sugiyama
70.2%
3Nathalie Tauziat
69.1%
8Ekaterina Makarova
68.5%
9Paola Suarez
67.8%
10Maria Kirilenko
67.7%
3Hana Mandlikova
66.7%
4Mary Joe Fernandez
65.4%
8Anna Kournikova
65.1%
4Iva Majoli
64.5%
5Natasha Zvereva
62.7%
7Caroline Garcia
62.5%
9Coco Vandeweghe
62.5%
7Barbara Schett
61%
6Chanda Rubin
60.7%
7Nicole Vaidisova
60.1%
8Alicia Molik
58.8%
3Pam Shriver
56.4%
Highest Ranking Player % Correct
7Julie Halard-Decugis
55.7%
9Sandrine Testud
54.6%
7Irina Spirlea
53.9%
5Anna Chakvetadze
53.5%
4Zina Garrison
51.3%
10Julia Goerges
50%
10Kristina Mladenovic
50%
4Helena Sukova
47.8%
8Virginia Ruzici
46.3%
9Dominique van Roost
45.6%
2Andrea Jaeger
45.2%
4Sue Barker
44.1%
5Jo Durie
42.8%
5Betty Stove
37.9%
3Wendy Turnbull
37.3%
9Brenda Schultz-McCarthy
34.9%
5Kathy Jordan
31.4%
9Lori McNeil
30.3%
4Claudia Kohde-Kilsch
29.8%
5Rosie Casals
28.9%
6Mima Jausovec
26.8%
10Karina Habsudova
26.8%
5Sylvia Hanika
24.8%
7Olga Morozova
24.6%
4Dianne Fromholtz Balestrat
24.1%
8Carling Bassett-Seguso
23.2%
6Bettina Bunge
23%
9Francoise Durr
22.4%
7Kerry Melville Reid
22.1%
10Catarina Lindqvist
19.7%
7Barbara Potter
18.4%
7Andrea Temesvari
16.2%
7Kathy Rinaldi-Stunkel
16.2%
8Nancy Richey
16%
7Greer Stevens
15.8%
10Barbara Paulus
13.4%
10Stephanie Rehe
10.7%
10Kathy May
7.5%
10Kristien Shaw Krammer
6.1%
10Kathleen Horvath
4.6%
8Bonnie Gadusek
3.7%
9Lisa Bonder-Kreiss
3.5%

You're not logged in!

Compare scores with friends on all Sporcle quizzes.
Join for Free
OR
Log In

You Might Also Like...

Show Comments

Extras

Top Quizzes Today


Score Distribution

Your Account Isn't Verified!

In order to create a playlist on Sporcle, you need to verify the email address you used during registration. Go to your Sporcle Settings to finish the process.

Report this User

Report this user for behavior that violates our Community Guidelines.

Details: